[Event "Titled Tuesday intern op 18th Oct Early"]
[Site "Chess.com INT"]
[Date "2022.10.18"]
[Round "8"]
[White "Avazkhonov, Alikhon"]
[Black "Gonzalez Vega, Alejandro"]
[Result "0-1"]
[WhiteElo "1538"]
[BlackElo "2092"]
[PlyCount "86"]
[EventDate "2022.10.18"]
[EventType "swiss (blitz)"]
[EventRounds "11"]
[EventCountry "USA"]
[SourceTitle "EXT 2024"]
[Source "ChessBase"]
[SourceDate "2023.10.10"]
[SourceVersion "1"]
[SourceVersionDate "2023.10.10"]
[SourceQuality "1"]

1. d4 d5 2. c4 e6 3. Nc3 Nf6 4. cxd5 exd5 5. Bg5 Nbd7 6. e3 c6 7. Bd3 Be7 8. Qc2 h6 9. Bh4 0-0 10. Nf3 Re8 11. 0-0-0 Nf8 12. h3 Be6 13. Rdg1 c5 14. g4 cxd4 15. Nxd4 Rc8 16. g5 hxg5 17. Bxg5 Ne4 18. Bxe7 Rxe7 19. Bxe4 dxe4 20. Kb1 Qa5 21. a3 Bc4 22. Ka1 Bd3 23. Qb3 Rec7 24. Nd5 Bc4 25. Nf6+ Kh8 26. Qd1 gxf6 27. Qg4 Ng6 28. Nf5 Be2 29. Qxe4 Qe5 30. Qb1 Bf3 31. Ng3 Bxh1 32. Rxh1 Rc2 33. Rd1 Qb5 34. Ne4 Qb3 35. Nxf6 Kg7 36. Nh5+ Kf8 37. Rf1 Rd2 38. Ng3 Rcc2 39. Ne4 Rxb2 40. Nxd2 Rxb1+ 41. Nxb1 Qc2 42. Re1 Ne5 43. h4 Nc4 0-1